Biện pháp phát triển đội ngũ giáo viên trường trung cấp n ghề tỉnh Quảng Nam trong giai đoạn hiện nay
Cơ sở lý luận về phát triển đội ngũ GV trường TC nghề. Thực trạng công tác phát triển đội ngũ GV trường TC nghề tỉnh Quảng Nam. Biện pháp phát triển đội ngũ GV trường TC nghề tỉnh Quảng Nam trong giai đoạn hiện nay.
সংরক্ষণ করুন:
| প্রধান লেখক: | |
|---|---|
| অন্যান্য লেখক: | |
| বিন্যাস: | গ্রন্থ |
| ভাষা: | Vietnamese |
| প্রকাশিত: |
Đà Nẵng
ĐH Đà Nẵng
2010
|
| বিষয়গুলি: | |
| ট্যাগগুলো: |
ট্যাগ যুক্ত করুন
কোনো ট্যাগ নেই, প্রথমজন হিসাবে ট্যাগ করুন!
|
| Thư viện lưu trữ: | Mạng thư viện Đại học Đà Nẵng |
|---|
| LEADER | 01755nam a2200397 4500 | ||
|---|---|---|---|
| 001 | 000010822 | ||
| 003 | 7042 | ||
| 005 | 20111222091255.0 | ||
| 008 | 111222s2010 viesd | ||
| 041 | |a vie | ||
| 082 | |a 371.201 |b BU-H | ||
| 100 | |a Bùi Thế Hiển |e Tác giả | ||
| 245 | |a Biện pháp phát triển đội ngũ giáo viên trường trung cấp n ghề tỉnh Quảng Nam trong giai đoạn hiện nay |c Bùi Thế Hiển | ||
| 260 | |a Đà Nẵng |b ĐH Đà Nẵng |c 2010 | ||
| 300 | |a 107 tr |c 29 cm |e 1 tóm tắt | ||
| 500 | |a Luận văn Thạc sĩ Giáo dục học. Chuyên ngành: Quản lý Giáo dục. Mã số: 60.14.05 | ||
| 520 | |a Cơ sở lý luận về phát triển đội ngũ GV trường TC nghề. Thực trạng công tác phát triển đội ngũ GV trường TC nghề tỉnh Quảng Nam. Biện pháp phát triển đội ngũ GV trường TC nghề tỉnh Quảng Nam trong giai đoạn hiện nay. | ||
| 653 | |a Luận văn | ||
| 653 | |a Thạc sĩ Giáo dục học | ||
| 653 | |a Quản lý Giáo dục | ||
| 653 | |a Biện pháp | ||
| 653 | |a Quản lý công tác GD | ||
| 653 | |a Đội ngũ GV | ||
| 653 | |a Trung cấp nghề | ||
| 653 | |a Quảng Nam | ||
| 700 | |a Lê Quang Sơn |c TS. |e Người hướng dẫn | ||
| OWN | |a LSP | ||
| AVA | |a UDN50 |b LSP |d 371.201 BU-H |e available |t Error 5001 Not defined in file expand_doc_bib_avail. |f 1 |g 0 |h N |i 0 |k 1 | ||
| 999 | |a From the UDN01 | ||
| AVA | |a UDN50 |b LSP |d 371.201 BU-H |e available |t Error 5001 Not defined in file expand_doc_bib_avail. |f 1 |g 0 |h N |i 0 |k 1 | ||
| TYP | |a Monograph | ||
| TYP | |a Printed language | ||
| 980 | |a Mạng thư viện Đại học Đà Nẵng | ||